000 01498nam1a22003131 4500
001 v19\rc\1344007
005 20060512115154.9
035 _a(NLR Aleph) 004491400
090 _a4651490
_c4651490
100 _a20060512g18601861|||y0rusy50 ca
101 0 _arus
102 _aRU
105 _a z |||||
200 1 _aСведения об учреждениях по инженерной части
_f[Собр. по распоряжению е.-и. выс. ген.-инспектора по Инж. части в 1857 г., воен. инж.-подполк. А. Васильевым]. Вып. 1-2
210 _aСанкт-Петербург
_cИнж. деп. Воен. м-ва
_d1860-1861
215 _a2 т.
_d23
300 _aНа тит. л. 2 разд. 1 вып. загл.: Главные черты устройства инженерной части в Англии и в Сардинии
309 _aБез общ. тит. л. Описано по обл. Каждый разд. имеет отд. тит. л. и паг.
517 0 _aГлавные черты устройства инженерной части в Англии и в Сардинии
700 1 _aВасильев
_bА. И.
_gАндрей Иванович
801 0 _aRU
_bNLR
_gpsbo
801 0 _aRU
_bRuMoRGB
_2psbo
801 1 _aRU
_bProSoft-M
_2rusmarc
852 _aNLR
_j18.69.3.14
852 _aNLR
_j+Шифры разные
899 _aRuMoRGB
_jΔ 492/116
899 _aБАН
942 _cBOOK
980 _aNB